Interaktívna aplikácia pre modelovanie v Matlabe

Salvato in:
Dettagli Bibliografici
Autore principale: Kiss, Daniel (Autore)
Altri autori: Rosinová, Danica (Relatore della tesi)
Natura: Manoscritto Libro
Lingua:slovacco
Pubblicazione: Bratislava : STU v Bratislave FEI, 2022
Soggetti:
Accesso online:https://opac.crzp.sk/?fn=detailBiblioFormChildO10D5E&sid=85CE14C1EED0152B7832DC9735B2&seo=CRZP-detail-kniha
Tags: Aggiungi Tag
Nessun Tag, puoi essere il primo ad aggiungerne!!

MARC

LEADER 00000ntm a22000003a 4500
001 stuzp87137
003 SK-STU
005 20230321132103.6
007 ta
008 150427s2015----xo-----f-mn---000-0-slo-d
040 |a STU  |b slo 
041 0 |a slo 
044 |a xo 
100 1 |a Kiss, Daniel  |u 035000  |4 aut  |U FEI Fakulta elektrotechniky a informatiky  |T FEI Ústav informatiky a matematiky  |X 104493  |U E050  |Y 816  |7 104493 
242 0 1 |a Interactive application for modeling in Matlab  |y eng 
245 1 0 |a Interaktívna aplikácia pre modelovanie v Matlabe 
260 |a Bratislava :  |b STU v Bratislave FEI,  |c 2022 
300 |a 39 s., príl. 
650 4 |a Matlab Add-On  |2 slo 
650 4 |a Matlab aplikácia  |2 slo 
650 4 |a dynamický systém  |2 slo 
650 4 |a aproximácia  |2 slo 
650 4 |a approximation  |2 eng 
650 4 |a Matlab Add-On  |2 eng 
650 4 |a Matlab application  |2 eng 
650 4 |a dynamic system  |2 eng 
700 1 |a Rosinová, Danica  |u 030400  |k Z1  |4 ths  |U FEI Fakulta elektrotechniky a informatiky  |T FEI Ústav automobilovej mechatroniky  |X 4938  |U E400  |Y 642  |7 A000004938 
856 4 |u https://opac.crzp.sk/?fn=detailBiblioFormChildO10D5E&sid=85CE14C1EED0152B7832DC9735B2&seo=CRZP-detail-kniha